[Event "DEM U10 2025"]
[Site "Willingen GER"]
[Date "2025.06.12"]
[Round "7"]
[White "Nabe, Sebastian"]
[Black "Brucker, Oscar"]
[Result "0-1"]
[Termination "normal"]
[Board "22"]
[WhiteElo "1467"]
[BlackElo "1795"]
[WhiteClock "00:22:20"]
[BlackClock "00:10:25"]
[PlyCount "138"]
[WhiteFideId "533011079"]
[BlackFideId "533026432"]
[EventCountry "GER"]
[EventRounds "9"]
[EventType "swiss"]
[EventDate "2025.06.07"]

1. e4 {[%clk 01:30:55]} {[%emt 00:00:05]} e5 {[%clk 01:31:03]} {[%emt
00:00:26]} 2. Nf3 {[%clk 01:30:49]} {[%emt 00:00:36]} Nc6 {[%clk 01:31:20]}
{[%emt 00:00:13]} 3. Bc4 {[%clk 01:30:52]} {[%emt 00:00:28]} Bc5 {[%clk
01:31:29]} {[%emt 00:00:20]} 4. O-O {[%clk 01:30:19]} {[%emt 00:01:03]} Nf6
{[%clk 01:31:30]} {[%emt 00:00:29]} 5. d3 {[%clk 01:29:46]} {[%emt 00:01:03]}
h6 {[%clk 01:30:15]} {[%emt 00:01:45]} 6. Be3 {[%clk 01:27:51]} {[%emt
00:02:24]} Bb6 {[%clk 01:27:56]} {[%emt 00:02:49]} 7. c3 {[%clk 01:25:14]}
{[%emt 00:03:07]} O-O {[%clk 01:26:57]} {[%emt 00:01:28]} 8. Nbd2 {[%clk
01:24:04]} {[%emt 00:01:41]} d6 {[%clk 01:23:33]} {[%emt 00:03:54]} 9. a4
{[%clk 01:19:14]} {[%emt 00:05:20]} Bxe3 {[%clk 01:15:26]} {[%emt 00:08:37]}
10. fxe3 {[%clk 01:19:14]} {[%emt 00:00:30]} Be6 {[%clk 01:14:53]} {[%emt
00:01:02]} 11. b4 {[%emt 00:06:55]} Ne7 {[%clk 01:12:39]} 12. Qb3 {[%clk
01:12:43]} {[%emt 00:03:20]} Bxc4 {[%clk 01:10:14]} {[%emt 00:02:55]} 13. Nxc4
{[%clk 01:12:37]} {[%emt 00:00:36]} Ng6 {[%clk 01:08:00]} {[%emt 00:02:43]} 14.
Rae1 {[%clk 01:08:15]} {[%emt 00:04:51]} Qe7 {[%clk 01:01:41]} {[%emt
00:06:50]} 15. Ncd2 {[%clk 01:01:26]} {[%emt 00:07:20]} Rae8 {[%clk 00:52:18]}
{[%emt 00:09:50]} 16. Qc2 {[%clk 00:56:50]} {[%emt 00:05:08]} Qd7 {[%clk
00:47:11]} {[%emt 00:05:36]} 17. h3 {[%clk 00:47:57]} {[%emt 00:09:24]} c6
{[%clk 00:43:33]} {[%emt 00:04:08]} 18. c4 {[%clk 00:41:53]} {[%emt 00:06:34]}
d5 {[%clk 00:40:33]} {[%emt 00:03:30]} 19. c5 {[%clk 00:24:43]} {[%emt
00:17:40]} dxe4 {[%clk 00:31:26]} {[%emt 00:09:37]} 20. dxe4 {[%clk 00:22:43]}
{[%emt 00:02:30]} Rd8 {[%emt 00:04:48]} 21. Nc4 {[%clk 00:20:28]} {[%emt
00:02:42]} Qd3 {[%clk 00:23:05]} {[%emt 00:04:37]} 22. Qxd3 {[%clk 00:19:56]}
{[%emt 00:01:01]} Rxd3 {[%clk 00:23:26]} {[%emt 00:00:09]} 23. Nfd2 {[%clk
00:16:59]} {[%emt 00:03:27]} Rc3 {[%clk 00:16:21]} {[%emt 00:07:35]} 24. Rc1
{[%clk 00:16:29]} {[%emt 00:01:00]} Rxc1 {[%clk 00:14:52]} {[%emt 00:02:00]}
25. Rxc1 {[%emt 00:00:12]} Rd8 {[%emt 00:01:18]} 26. Rc3 {[%clk 00:14:33]}
{[%emt 00:00:54]} Kf8 {[%clk 00:12:54]} {[%emt 00:02:29]} 27. Kf2 {[%clk
00:14:31]} {[%emt 00:00:31]} Ke7 {[%clk 00:12:28]} {[%emt 00:00:56]} 28. Ke2
{[%clk 00:13:41]} {[%emt 00:01:20]} Ke6 {[%clk 00:11:41]} {[%emt 00:01:17]} 29.
Rd3 {[%clk 00:12:41]} {[%emt 00:01:31]} Rxd3 {[%emt 00:02:16]} 30. Kxd3 {[%clk
00:13:00]} {[%emt 00:00:09]} Ne8 {[%clk 00:09:00]} {[%emt 00:01:26]} 31. Na5
{[%clk 00:12:56]} {[%emt 00:00:35]} b6 {[%clk 00:09:06]} {[%emt 00:00:25]} 32.
Nxc6 {[%clk 00:10:55]} {[%emt 00:02:30]} bxc5 {[%clk 00:09:24]} {[%emt
00:00:12]} 33. bxc5 {[%clk 00:11:03]} {[%emt 00:00:22]} a6 {[%clk 00:09:08]}
{[%emt 00:00:46]} 34. Nb4 {[%clk 00:09:30]} {[%emt 00:02:01]} Nc7 {[%clk
00:09:20]} {[%emt 00:00:19]} 35. g4 {[%clk 00:09:06]} {[%emt 00:00:55]} Nh4
{[%clk 00:09:14]} {[%emt 00:00:35]} 36. Kc4 {[%clk 00:08:01]} {[%emt 00:01:36]}
Ng2 {[%clk 00:08:34]} {[%emt 00:01:10]} 37. Nf1 {[%clk 00:08:03]} {[%emt
00:00:27]} g5 {[%clk 00:08:21]} {[%emt 00:00:44]} 38. Nc6 {[%clk 00:07:07]}
{[%emt 00:01:26]} f6 {[%clk 00:08:10]} {[%emt 00:00:39]} 39. Na5 {[%clk
00:05:57]} {[%emt 00:01:41]} Ne1 {[%clk 00:08:10]} {[%emt 00:00:31]} 40. Nb7
{[%clk 00:05:33]} {[%emt 00:00:54]} Nf3 {[%clk 00:07:18]} {[%emt 00:01:21]} 41.
Kb4 {[%clk 00:05:05]} {[%emt 00:00:53]} Kd7 {[%clk 00:06:34]} {[%emt 00:01:18]}
42. Na5 {[%clk 00:04:49]} {[%emt 00:00:45]} Ng1 {[%clk 00:06:25]} {[%emt
00:00:41]} 43. Ng3 {[%clk 00:00:42]} {[%emt 00:04:37]} Nxh3 {[%clk 00:05:31]}
{[%emt 00:01:24]} 44. c6+ {[%clk 00:00:52]} {[%emt 00:00:19]} Kc8 {[%clk
00:02:16]} {[%emt 00:03:46]} 45. Nh1 {[%clk 00:29:48]} {[%emt 00:01:34]} Ne6
{[%clk 00:27:27]} {[%emt 00:05:19]} 46. Kc4 {[%clk 00:26:40]} {[%emt 00:03:38]}
Kc7 {[%clk 00:26:58]} {[%emt 00:00:59]} 47. Kd5 {[%clk 00:26:08]} {[%emt
00:01:33]} Nd8 {[%clk 00:27:13]} {[%emt 00:00:44]} 48. Ng3 {[%clk 00:25:59]}
{[%emt 00:00:34]} Nf2 {[%clk 00:26:26]} {[%emt 00:01:22]} 49. Nf5 {[%clk
00:25:37]} {[%emt 00:00:51]} Nxg4 {[%clk 00:26:40]} {[%emt 00:00:17]} 50. Ng7
{[%clk 00:26:00]} {[%emt 00:00:07]} Nxe3+ {[%clk 00:26:14]} {[%emt 00:00:55]}
51. Kc5 {[%clk 00:25:43]} {[%emt 00:00:38]} g4 {[%clk 00:22:56]} {[%emt
00:03:57]} 52. Ne8+ {[%clk 00:26:01]} {[%emt 00:00:12]} Kc8 {[%clk 00:16:15]}
{[%emt 00:07:12]} 53. Nd6+ {[%clk 00:25:43]} {[%emt 00:00:48]} Kb8 {[%clk
00:12:49]} {[%emt 00:03:56]} 54. Kb6 {[%clk 00:24:03]} {[%emt 00:02:10]} Nd5+
{[%clk 00:10:52]} {[%emt 00:02:27]} 55. Kc5 {[%clk 00:22:43]} {[%emt 00:01:50]}
Nc7 {[%clk 00:10:49]} {[%emt 00:00:33]} 56. Nf5 {[%clk 00:22:28]} {[%emt
00:00:45]} Nde6+ {[%clk 00:09:35]} {[%emt 00:01:45]} 57. Kc4 {[%clk 00:22:12]}
{[%emt 00:00:45]} Nf4 {[%clk 00:09:43]} {[%emt 00:00:22]} 58. Kc3 {[%clk
00:22:05]} {[%emt 00:00:38]} Nh5 {[%clk 00:09:12]} {[%emt 00:01:01]} 59. Kd3
{[%clk 00:22:14]} {[%emt 00:00:20]} g3 {[%clk 00:09:32]} {[%emt 00:00:11]} 60.
Ke2 {[%clk 00:22:07]} {[%emt 00:00:23]} g2 {[%clk 00:09:33]} {[%emt 00:00:43]}
61. Kf2 {[%clk 00:22:22]} {[%emt 00:00:14]} Nf4 {[%clk 00:09:57]} {[%emt
00:00:07]} 62. Nxh6 {[%clk 00:22:30]} {[%emt 00:00:21]} Ka7 {[%clk 00:10:08]}
{[%emt 00:00:20]} 63. Nc4 {[%clk 00:22:16]} {[%emt 00:00:43]} Nce6 {[%clk
00:09:53]} {[%emt 00:00:42]} 64. Ne3 {[%clk 00:22:18]} {[%emt 00:00:27]} Ng5
{[%clk 00:09:53]} {[%emt 00:00:35]} 65. Nxg2 {[%clk 00:21:53]} {[%emt
00:00:54]} Nxg2 {[%clk 00:10:11]} {[%emt 00:00:12]} 66. Kxg2 {[%clk 00:22:20]}
{[%emt 00:00:04]} Nxe4 {[%clk 00:10:33]} {[%emt 00:00:08]} 67. Nf5 {[%clk
00:22:23]} {[%emt 00:00:21]} Kb6 {[%emt 00:00:48]} 68. Ne7 {[%clk 00:22:34]}
{[%emt 00:00:12]} Nc5 {[%clk 00:10:23]} {[%emt 00:00:34]} 69. a5+ {[%clk
00:22:20]} {[%emt 00:00:44]} Kc7 {[%clk 00:10:25]} {[%emt 00:00:27]} 0-1

[Event "DEM U10 2025"]
[Site "Willingen GER"]
[Date "2025.06.12"]
[Round "7"]
[White "Gheng, Hannes Lucas"]
[Black "Üstüntas, Nadir"]
[Result "1-0"]
[Termination "normal"]
[Board "23"]
[WhiteElo "1483"]
[BlackElo "1179"]
[WhiteClock "01:15:21"]
[BlackClock "01:29:10"]
[PlyCount "69"]
[WhiteFideId "34606890"]
[BlackFideId "533004064"]
[EventCountry "GER"]
[EventRounds "9"]
[EventType "swiss"]
[EventDate "2025.06.07"]

1. e4 {[%clk 01:30:58]} {[%emt 00:00:02]} c5 {[%clk 01:30:59]} {[%emt
00:00:02]} 2. c4 {[%emt 00:00:07]} Nc6 {[%clk 01:31:22]} {[%emt 00:00:05]} 3.
Nc3 {[%clk 01:31:48]} {[%emt 00:00:04]} d6 {[%clk 01:31:48]} {[%emt 00:00:04]}
4. g3 {[%clk 01:32:12]} {[%emt 00:00:05]} g6 {[%clk 01:32:12]} {[%emt
00:00:07]} 5. Bg2 {[%clk 01:32:35]} {[%emt 00:00:07]} Bg7 {[%clk 01:32:30]}
{[%emt 00:00:11]} 6. Nge2 {[%clk 01:32:59]} {[%emt 00:00:06]} Nf6 {[%clk
01:32:48]} {[%emt 00:00:13]} 7. d3 {[%clk 01:33:18]} {[%emt 00:00:10]} e5
{[%clk 01:33:11]} {[%emt 00:00:08]} 8. O-O {[%clk 01:33:28]} {[%emt 00:00:20]}
Be6 {[%clk 01:33:35]} {[%emt 00:00:06]} 9. f4 {[%clk 01:32:09]} {[%emt
00:01:49]} O-O {[%clk 01:31:27]} {[%emt 00:02:38]} 10. Rb1 {[%clk 01:31:55]}
{[%emt 00:00:45]} a5 {[%clk 01:31:50]} {[%emt 00:00:07]} 11. h3 {[%clk
01:25:33]} {[%emt 00:06:51]} Qc8 {[%clk 01:32:03]} {[%emt 00:00:17]} 12. g4
{[%clk 01:25:56]} {[%emt 00:00:07]} Bd7 {[%clk 01:32:07]} {[%emt 00:00:26]} 13.
f5 {[%clk 01:26:10]} {[%emt 00:00:16]} Kh8 {[%clk 01:30:58]} {[%emt 00:01:39]}
14. g5 {[%clk 01:26:12]} {[%emt 00:00:28]} Ne8 {[%clk 01:30:50]} {[%emt
00:00:38]} 15. f6 {[%clk 01:25:36]} {[%emt 00:01:06]} Bxh3 {[%clk 01:29:43]}
{[%emt 00:01:36]} 16. Nd5 {[%clk 01:20:14]} {[%emt 00:05:52]} Qg4 {[%clk
01:29:07]} {[%emt 00:01:05]} 17. Ne3 {[%emt 00:02:10]} Qxg5 {[%clk 01:28:53]}
{[%emt 00:00:42]} 18. fxg7+ {[%clk 01:18:29]} {[%emt 00:00:39]} Kg8 {[%clk
01:29:03]} {[%emt 00:00:20]} 19. gxf8=Q+ {[%emt 00:00:13]} Kxf8 {[%emt
00:00:02]} 20. Kh2 {[%clk 01:17:53]} {[%emt 00:00:51]} Bxg2 {[%clk 01:28:47]}
{[%emt 00:00:46]} 21. Nxg2 {[%clk 01:18:13]} {[%emt 00:00:10]} Qh5+ {[%clk
01:29:06]} {[%emt 00:00:12]} 22. Kg1 {[%clk 01:18:22]} {[%emt 00:00:19]} Nd4
{[%clk 01:28:55]} {[%emt 00:00:41]} 23. Nxd4 {[%emt 00:00:31]} Qxd1 {[%clk
01:29:11]} {[%emt 00:00:12]} 24. Rxd1 {[%emt 00:00:13]} cxd4 {[%emt 00:00:13]}
25. b3 {[%emt 00:00:55]} Nc7 {[%clk 01:28:02]} {[%emt 00:00:26]} 26. Ba3 {[%clk
01:19:04]} {[%emt 00:00:12]} Ke7 {[%clk 01:28:26]} {[%emt 00:00:06]} 27. Rbc1
{[%clk 01:18:37]} {[%emt 00:00:57]} Na6 {[%clk 01:28:49]} {[%emt 00:00:07]} 28.
c5 {[%clk 01:17:23]} {[%emt 00:01:44]} Kd7 {[%clk 01:28:48]} {[%emt 00:00:31]}
29. cxd6 {[%clk 01:17:06]} {[%emt 00:00:46]} b5 {[%clk 01:29:03]} {[%emt
00:00:16]} 30. Rf1 {[%clk 01:16:33]} {[%emt 00:01:03]} Ke6 {[%clk 01:29:06]}
{[%emt 00:00:28]} 31. Rf2 {[%clk 01:14:32]} {[%emt 00:02:31]} b4 {[%clk
01:29:14]} {[%emt 00:00:22]} 32. Bb2 {[%clk 01:14:57]} {[%emt 00:00:05]} Kxd6
{[%clk 01:28:57]} {[%emt 00:00:47]} 33. Rf6+ {[%clk 01:14:41]} {[%emt
00:00:46]} Ke7 {[%clk 01:29:09]} {[%emt 00:00:18]} 34. Rcf1 {[%clk 01:14:58]}
{[%emt 00:00:13]} Rf8 {[%clk 01:29:10]} {[%emt 00:00:29]} 35. Rxa6 {[%clk
01:15:21]} {[%emt 00:00:07]} 1-0

[Event "DEM U10 2025"]
[Site "Willingen GER"]
[Date "2025.06.12"]
[Round "7"]
[White "Leja, Luis"]
[Black "Vranckx, Gabriel"]
[Result "0-1"]
[Termination "normal"]
[Board "24"]
[WhiteElo "1344"]
[BlackElo "1627"]
[WhiteClock "00:23:13"]
[BlackClock "00:46:30"]
[PlyCount "108"]
[WhiteFideId "34699813"]
[BlackFideId "533031266"]
[EventCountry "GER"]
[EventRounds "9"]
[EventType "swiss"]
[EventDate "2025.06.07"]

1. e4 {[%clk 01:30:58]} {[%emt 00:00:01]} e5 {[%clk 01:30:43]} {[%emt
00:00:18]} 2. Nc3 {[%clk 01:31:20]} {[%emt 00:00:07]} Nf6 {[%clk 01:30:55]}
{[%emt 00:00:17]} 3. f4 {[%clk 01:31:42]} {[%emt 00:00:09]} d5 {[%clk
01:30:52]} {[%emt 00:00:34]} 4. fxe5 {[%clk 01:32:03]} {[%emt 00:00:08]} Nxe4
{[%clk 01:30:57]} {[%emt 00:00:25]} 5. Qf3 {[%clk 01:32:25]} {[%emt 00:00:08]}
Nxc3 {[%clk 01:30:41]} {[%emt 00:00:46]} 6. bxc3 {[%clk 01:32:43]} {[%emt
00:00:13]} c5 {[%clk 01:30:25]} {[%emt 00:00:44]} 7. Qg3 {[%clk 01:32:31]}
{[%emt 00:00:42]} Nc6 {[%clk 01:29:49]} {[%emt 00:01:07]} 8. Nf3 {[%clk
01:32:20]} {[%emt 00:00:41]} Be6 {[%clk 01:28:58]} {[%emt 00:01:21]} 9. Bb5
{[%clk 01:31:21]} {[%emt 00:01:29]} Qb6 {[%clk 01:29:04]} {[%emt 00:00:24]} 10.
Rb1 {[%clk 01:27:42]} {[%emt 00:04:10]} O-O-O {[%clk 01:27:57]} {[%emt
00:01:37]} 11. Rb2 {[%clk 01:27:26]} {[%emt 00:00:46]} Qc7 {[%clk 01:23:23]}
{[%emt 00:05:04]} 12. Bxc6 {[%clk 01:25:09]} {[%emt 00:02:48]} Qxc6 {[%clk
01:23:21]} {[%emt 00:00:32]} 13. O-O {[%clk 01:25:26]} {[%emt 00:00:11]} d4
{[%clk 01:17:32]} {[%emt 00:06:20]} 14. Ng5 {[%clk 01:19:40]} {[%emt 00:06:15]}
dxc3 {[%clk 01:15:52]} {[%emt 00:02:10]} 15. Qxc3 {[%clk 01:15:48]} {[%emt
00:04:21]} Qd5 {[%clk 01:12:30]} {[%emt 00:03:53]} 16. Qf3 {[%clk 01:14:01]}
{[%emt 00:02:16]} Qxf3 {[%clk 01:08:13]} {[%emt 00:04:47]} 17. Rxf3 {[%clk
01:13:56]} {[%emt 00:00:35]} Rd7 {[%clk 01:05:36]} {[%emt 00:03:07]} 18. Nxe6
{[%clk 01:09:54]} {[%emt 00:04:32]} fxe6 {[%clk 01:05:54]} {[%emt 00:00:11]}
19. Rbb3 {[%clk 01:05:15]} {[%emt 00:05:09]} c4 {[%clk 01:01:12]} {[%emt
00:05:13]} 20. Rfc3 {[%clk 00:58:10]} {[%emt 00:07:34]} Bc5+ {[%clk 01:01:29]}
{[%emt 00:00:13]} 21. Kf1 {[%clk 00:57:05]} {[%emt 00:01:35]} Rf8+ {[%clk
00:58:43]} {[%emt 00:03:15]} 22. Ke2 {[%clk 00:54:54]} {[%emt 00:02:42]} cxb3
{[%clk 00:58:52]} {[%emt 00:00:22]} 23. Rxc5+ {[%clk 00:54:08]} {[%emt
00:01:15]} Rc7 {[%clk 00:55:31]} {[%emt 00:03:52]} 24. Rxc7+ {[%clk 00:51:22]}
{[%emt 00:03:15]} Kxc7 {[%emt 00:00:12]} 25. cxb3 {[%clk 00:51:37]} {[%emt
00:00:10]} Kc6 {[%clk 00:54:10]} {[%emt 00:02:14]} 26. d4 {[%clk 00:49:21]}
{[%emt 00:02:46]} Kd5 {[%clk 00:53:28]} {[%emt 00:01:10]} 27. Ke3 {[%clk
00:47:35]} {[%emt 00:02:18]} Rc8 {[%clk 00:53:00]} {[%emt 00:00:59]} 28. Bd2
{[%clk 00:45:51]} {[%emt 00:02:14]} Rc2 {[%clk 00:52:14]} {[%emt 00:01:16]} 29.
a4 {[%clk 00:45:38]} {[%emt 00:00:44]} Rxd2 {[%clk 00:49:29]} {[%emt 00:03:15]}
30. Kxd2 {[%clk 00:42:06]} {[%emt 00:04:02]} Kxd4 {[%emt 00:00:12]} 31. g3
{[%clk 00:41:25]} {[%emt 00:01:08]} Kxe5 {[%emt 00:00:27]} 32. Ke3 {[%clk
00:35:29]} {[%emt 00:06:07]} a5 {[%clk 00:47:35]} {[%emt 00:03:07]} 33. h3
{[%clk 00:29:55]} {[%emt 00:06:02]} g5 {[%clk 00:45:49]} {[%emt 00:02:18]} 34.
Kd3 {[%clk 00:27:04]} {[%emt 00:03:20]} h5 {[%clk 00:44:19]} {[%emt 00:02:00]}
35. Ke3 {[%clk 00:27:03]} {[%emt 00:00:31]} h4 {[%clk 00:43:15]} {[%emt
00:01:35]} 36. g4 {[%clk 00:23:44]} {[%emt 00:03:49]} b6 {[%clk 00:43:34]}
{[%emt 00:00:11]} 37. Kd3 {[%clk 00:20:33]} {[%emt 00:03:42]} Kf4 {[%emt
00:01:20]} 38. Kc4 {[%clk 00:20:18]} {[%emt 00:00:41]} e5 {[%clk 00:42:53]}
{[%emt 00:00:24]} 39. Kb5 {[%clk 00:20:42]} {[%emt 00:00:06]} e4 {[%clk
00:43:17]} {[%emt 00:00:06]} 40. Kxb6 {[%clk 00:21:07]} {[%emt 00:00:05]} e3
{[%clk 00:43:41]} {[%emt 00:00:06]} 41. Kxa5 {[%clk 00:21:32]} {[%emt
00:00:05]} e2 {[%clk 00:44:04]} {[%emt 00:00:07]} 42. Kb5 {[%emt 00:00:59]}
e1=Q {[%clk 00:44:17]} 43. b4 {[%clk 00:21:44]} {[%emt 00:00:06]} Qe5+ {[%clk
00:44:32]} {[%emt 00:00:15]} 44. Ka6 {[%clk 00:21:53]} {[%emt 00:00:19]} Qd6+
{[%clk 00:44:49]} {[%emt 00:00:14]} 45. Ka5 {[%clk 00:22:12]} {[%emt 00:00:11]}
Qc7+ {[%clk 00:45:10]} {[%emt 00:00:09]} 46. Ka6 {[%clk 00:22:25]} {[%emt
00:00:16]} Qb8 {[%clk 00:45:20]} {[%emt 00:00:22]} 47. Ka5 {[%clk 00:21:48]}
{[%emt 00:01:07]} Kg3 {[%clk 00:45:09]} {[%emt 00:00:40]} 48. b5 {[%clk
00:21:59]} {[%emt 00:00:20]} Kxh3 {[%clk 00:45:32]} {[%emt 00:00:07]} 49. b6
{[%clk 00:22:12]} {[%emt 00:00:16]} Qb7 {[%clk 00:45:41]} {[%emt 00:00:22]} 50.
Kb5 {[%clk 00:22:32]} {[%emt 00:00:10]} Kxg4 {[%emt 00:00:22]} 51. a5 h3 {[%clk
00:45:53]} {[%emt 00:00:32]} 52. a6 {[%clk 00:22:51]} {[%emt 00:00:35]} Qb8
{[%clk 00:46:06]} {[%emt 00:00:18]} 53. a7 {[%clk 00:23:09]} {[%emt 00:00:11]}
Qb7 {[%clk 00:46:30]} {[%emt 00:00:05]} 54. Kc5 {[%clk 00:23:13]} {[%emt
00:00:26]} h2 {[%emt 00:07:15]} 0-1

[Event "DEM U10 2025"]
[Site "Willingen GER"]
[Date "2025.06.12"]
[Round "7"]
[White "Frerich, Theo"]
[Black "Schmidt, Alexander Nadvid"]
[Result "1/2-1/2"]
[Termination "normal"]
[Board "25"]
[WhiteElo "1167"]
[BlackElo "1565"]
[WhiteClock "00:41:32"]
[BlackClock "00:49:29"]
[PlyCount "84"]
[WhiteFideId "533003505"]
[BlackFideId "34661360"]
[EventCountry "GER"]
[EventRounds "9"]
[EventType "swiss"]
[EventDate "2025.06.07"]

1. e4 {[%clk 01:30:58]} {[%emt 00:00:02]} c5 {[%clk 01:30:53]} {[%emt
00:00:07]} 2. Nf3 {[%clk 01:31:24]} {[%emt 00:00:04]} Nc6 {[%clk 01:31:19]}
{[%emt 00:00:05]} 3. Bb5 {[%clk 01:31:46]} {[%emt 00:00:08]} d6 {[%clk
01:29:53]} {[%emt 00:01:56]} 4. O-O {[%clk 01:31:30]} {[%emt 00:00:46]} Bg4
{[%clk 01:28:25]} {[%emt 00:01:57]} 5. Re1 {[%clk 01:30:31]} {[%emt 00:01:30]}
e5 {[%clk 01:25:38]} {[%emt 00:03:17]} 6. c3 {[%clk 01:28:17]} {[%emt
00:02:44]} a6 {[%clk 01:22:35]} {[%emt 00:03:33]} 7. Bf1 {[%clk 01:26:35]}
{[%emt 00:02:11]} Nf6 {[%clk 01:22:18]} {[%emt 00:00:47]} 8. d3 {[%clk
01:23:59]} {[%emt 00:03:06]} h6 {[%clk 01:20:36]} {[%emt 00:02:11]} 9. Be3
{[%clk 01:19:52]} {[%emt 00:04:38]} b5 {[%clk 01:17:11]} {[%emt 00:03:56]} 10.
h3 {[%clk 01:16:20]} {[%emt 00:04:02]} Bh5 {[%clk 01:16:36]} {[%emt 00:01:05]}
11. Nbd2 {[%clk 01:12:06]} {[%emt 00:04:45]} Rb8 {[%clk 01:11:15]} {[%emt
00:05:51]} 12. a3 {[%clk 01:08:08]} {[%emt 00:04:27]} Be7 {[%clk 01:07:51]}
{[%emt 00:03:54]} 13. a4 {[%clk 01:01:06]} {[%emt 00:07:33]} b4 {[%clk
01:07:04]} {[%emt 00:01:17]} 14. c4 {[%clk 01:01:28]} {[%emt 00:00:08]} g5
{[%clk 01:05:19]} {[%emt 00:02:15]} 15. Be2 {[%clk 00:59:41]} {[%emt 00:02:17]}
Qc8 {[%clk 01:03:36]} {[%emt 00:02:12]} 16. Nh2 {[%clk 00:58:31]} {[%emt
00:01:39]} Bxe2 {[%clk 01:03:00]} {[%emt 00:01:08]} 17. Qxe2 {[%clk 00:58:17]}
{[%emt 00:00:44]} Rg8 {[%clk 01:02:51]} {[%emt 00:00:38]} 18. Ng4 {[%clk
00:50:17]} {[%emt 00:08:30]} Nxg4 {[%clk 01:00:44]} {[%emt 00:02:37]} 19. Qxg4
{[%clk 00:50:25]} {[%emt 00:00:22]} Qxg4 {[%clk 01:00:11]} {[%emt 00:01:03]}
20. hxg4 {[%clk 00:50:35]} {[%emt 00:00:20]} Bd8 {[%clk 00:59:05]} {[%emt
00:01:37]} 21. b3 {[%clk 00:50:16]} {[%emt 00:00:50]} Be7 {[%clk 00:59:30]}
{[%emt 00:00:05]} 22. Nf1 {[%clk 00:50:24]} {[%emt 00:00:21]} Kd7 {[%clk
00:59:50]} {[%emt 00:00:10]} 23. Ng3 {[%clk 00:50:43]} {[%emt 00:00:11]} Nd8
{[%clk 00:59:09]} {[%emt 00:01:10]} 24. Nf5 {[%clk 00:50:38]} {[%emt 00:00:36]}
Rh8 {[%clk 00:59:04]} {[%emt 00:00:35]} 25. f3 {[%clk 00:48:47]} {[%emt
00:02:22]} Ne6 {[%clk 00:59:08]} {[%emt 00:00:25]} 26. Kf2 {[%clk 00:48:00]}
{[%emt 00:01:17]} h5 {[%clk 00:56:37]} {[%emt 00:03:01]} 27. gxh5 {[%clk
00:46:53]} {[%emt 00:01:37]} Rxh5 {[%clk 00:56:48]} {[%emt 00:00:19]} 28. Rh1
{[%clk 00:46:50]} {[%emt 00:00:33]} Rbh8 {[%clk 00:56:55]} {[%emt 00:00:23]}
29. Ng3 {[%clk 00:46:39]} {[%emt 00:00:41]} Rh4 {[%clk 00:54:54]} {[%emt
00:02:31]} 30. Rxh4 {[%clk 00:44:59]} {[%emt 00:02:10]} Rxh4 {[%clk 00:54:08]}
{[%emt 00:01:14]} 31. Nf5 {[%clk 00:45:15]} {[%emt 00:00:16]} Rh5 {[%clk
00:53:49]} {[%emt 00:00:48]} 32. Ng3 {[%clk 00:45:12]} {[%emt 00:00:33]} Rh4
{[%clk 00:53:20]} {[%emt 00:00:59]} 33. Rh1 {[%clk 00:45:36]} {[%emt 00:00:06]}
Nf4 {[%clk 00:53:02]} {[%emt 00:00:49]} 34. Rxh4 {[%clk 00:45:21]} {[%emt
00:00:43]} Nxd3+ {[%clk 00:51:50]} {[%emt 00:01:43]} 35. Ke2 {[%clk 00:44:52]}
{[%emt 00:00:59]} gxh4 {[%clk 00:51:44]} {[%emt 00:00:37]} 36. Nf5 {[%clk
00:44:16]} {[%emt 00:01:06]} Nf4+ {[%clk 00:51:19]} {[%emt 00:00:54]} 37. Bxf4
{[%clk 00:44:29]} {[%emt 00:00:18]} exf4 {[%clk 00:51:34]} {[%emt 00:00:15]}
38. Kf1 {[%clk 00:44:11]} {[%emt 00:00:48]} Ke6 {[%clk 00:51:49]} {[%emt
00:00:15]} 39. Kg1 {[%clk 00:43:29]} {[%emt 00:01:12]} Bf6 {[%clk 00:51:36]}
{[%emt 00:00:44]} 40. Kh2 {[%clk 00:43:33]} {[%emt 00:00:26]} Bg5 {[%clk
00:51:35]} {[%emt 00:00:29]} 41. Kh3 {[%clk 00:43:43]} {[%emt 00:00:20]} f6
{[%clk 00:51:18]} {[%emt 00:00:49]} 42. Kg4 {[%clk 00:41:32]} {[%emt 00:02:41]}
Kd7 {[%clk 00:49:29]} {[%emt 00:01:30]} 1/2-1/2